000
00308nam a22001217a 4500
020
_a
81-7709-527-7
082
_a
574
_b
SAH/B
100
_a
L.C.SAHA, D.K. SINHA
245
_a
BIOLOGY LAB MANUAL
_b
CLASS XI
260
_a
PATNA
_b
BHARATI BHAWAN PUBLISHERS
_c
2004
650
_a
BIOLOGY FOR CLASS XI
_z
INDIA
942
_c
BK
999
_c
501
_d
501